| Tag |
First Indicator |
Second Indicator |
Subfields |
| LEADER |
00000cam a2200000 4500 |
| 001 |
in00000093421 |
| 005 |
20150927070143.0 |
| 008 |
720711s1962 eng u |
| 010 |
|
|
|a 63001453
|
| 035 |
|
|
|a (OCoLC)00352457
|
| 035 |
|
|
|9 AAL5267AM
|
| 040 |
|
|
|c BLC
|d TXA
|d UtOrBLW
|
| 049 |
|
|
|a TXAM
|c [1146190]
|
| 050 |
|
0 |
|a TT835
|b .M3 1962
|
| 082 |
0 |
|
|a 746.46
|
| 100 |
1 |
|
|a McKim, Ruby Short.
|
| 245 |
1 |
0 |
|a One hundred and one patchwork patterns ;
|b quilt name stories, cutting designs, material suggestions, yardage estimates, definite instructions for every step of quilt making.
|
| 250 |
|
|
|a [Rev. ed.].
|
| 264 |
|
1 |
|a New York :
|b Dover Publications,
|c [1962]
|
| 300 |
|
|
|a 124 pages :
|b illustrations ;
|c 28 cm.
|
| 336 |
|
|
|a text
|b txt
|2 rdacontent
|
| 337 |
|
|
|a unmediated
|b n
|2 rdamedia
|
| 338 |
|
|
|a volume
|b nc
|2 rdacarrier
|
| 650 |
|
0 |
|a Coverlets.
|
| 650 |
|
0 |
|a Needlework
|v Patterns.
|
| 740 |
0 |
|
|a Patchwork patterns.
|
| 999 |
|
|
|a MARS
|
| 999 |
f |
f |
|s 1bf0add4-4e3e-3a67-880a-68ff60fdafaf
|i e1b84ba1-306f-34c0-8ee1-725ce3034252
|t 0
|
| 952 |
f |
f |
|p ric
|a Texas A&M University
|b Rellis Campus
|c Joint Library Facility
|d Remote Storage
|t 0
|e TT835 .M3 1962
|h Library of Congress classification
|i unmediated -- volume
|m A14805664783
|
| 998 |
f |
f |
|a TT835 .M3 1962
|t 0
|l Remote Storage
|